LEADER 01566nam a2200313 a 4500 001 000000131277 003 CaOOAMICUS 005 20140110142230.0 008 121113s2012 it frm z000 u ita r 020 $a978-88-7653-195-8 040 $aPUL$bita 100 1 $aGuidi, Maurizio,$co.f.m.cap.,$d1971-$0(OLS)http://pul/name/84257 245 11$a"Così avvenne la generazione di Gesù Messia" :$bparadigma comunicativo e questione contestuale nella lettura pragmatica di Mt 1,18-25 /$cMaurizio Guidi. 260 $aRoma :$bGregorian & Biblical Press,$c2012. 300 $a476 p.$c21 cm 490 1 $aAnalecta biblica ;$v195 502 $aTesi di Dottorato in Teologia Biblica-- Pontificio Istituto Biblico, 2011. 504 $aBibliografia p. 409-454. 630 04$aBiblia.$pN.T.$pMatthaeus$xCritica e interpretazione.$0(OLS)http://pul/subject/37789 650 4$aIncarnazione.$0(OLS)http://pul/subject/4447 710 2 $aPontificio istituto biblico.$kTesi.$0(OLS)http://pul/name/85533 830 0$aAnalecta biblica ;$v195.$0(OLS)http://pul/title/100 850 $aPUL 852 $aPUL$W1$xDP1 Tesi Pon. Univ. Gregoriana$y40$m2012 B 16$j151577$qTesi$B150473$CPULBib$Z2$F150473 $82 941 1 $a16 996 $6020$a978-88-7653-195-8$9(OLS)http://pul/number/150986 996 $6245$a"Così avvenne la generazione di Gesù Messia" :$bparadigma comunicativo e questione contestuale nella lettura pragmatica di Mt 1,18-25$9(OLS)http://pul/title/165840 996 $6260$aRoma :$bGregorian & Biblical Press$9(OLS)http://pul/publisher/81048 LEADER 01509nam a2200349 a 4500 001 000000131891 003 CaOOAMICUS 005 20121205112559.0 008 121205s1990 it u000 u ita r 020 $z88-06-11753-X* 040 $aPUL$bita 041 0 $aita$alat$hlat 100 1 $aErasmus, Desiderius,$d1467-1536.$0(OLS)http://pul/name/1784 240 10$aQuerela pacis.$lItaliano e latino.$0(OLS)http://pul/title/166640 245 13$aIl lamento della pace /$cErasmo da Rotterdam ; a cura di Carlo Carena. 260 $aTorino :$bGiulio Einaudi,$c©1990. 300 $aXXIV, 85 p. ;$c18 cm 490 1 $aNuova universale Einaudi ;$v199 504 $aBibliografia essenziale: [xxxix]-xli. 546 $aTesto latino a fronte. 600 14$aErasmus, Desiderius,$d1467-1536$xCritica e interpretazione.$0(OLS)http://pul/subject/9935 700 1 $aCarena, Carlo,$d1925-2023.$0(OLS)http://pul/name/8837 830 0$aNuova universale Einaudi ;$v199.$0(OLS)http://pul/title/32770 850 $aPUL 852 $aPUL$W1$xDP1 Fondo E. Rossi$y115$m1 E 22$j151955$qFondi$q $B151146$CPULBib$Z2$F151146 $Hnull $81 900 $aErasmo,$cda Rotterdam,$d1467-1536$91784 941 1 $a1 961 $aSul dorso collocazione ms. di E. Rossi: E 17 1 996 $6020$z88-06-11753-X*$9(OLS)http://pul/number/151254 996 $6245$aIl lamento della pace$9(OLS)http://pul/title/166641 996 $6260$aTorino :$bGiulio Einaudi$9(OLS)http://pul/publisher/54573